Statistics for Doctor Who Series 3 Episodes

Click here to take the quiz!

General Stats

  • This quiz has been taken 111 times
  • The average score is 10 of 13

Answer Stats

Hint Answer % Correct
'Don't Blink', Weeping Angels, 'Wibbly-Wobbly, Timey-Wimey Stuff'Blink
95%
Judoon, Straw, Raining UpwardsSmith and Jones
87%
Family, John Smith, Time Lord 'Essence'The Family of Blood
85%
Carionites, William Shakespeare, Expelliarmus!The Shakespeare Code
81%
Cardiff, Captain Jack, The MasterUtopia
77%
Face of Boe, New New York, 'You Are Not Alone'Gridlock
76%
DNA Mutation, Richard Lazarus, Southwark CathedralThe Lazarus Experiment
73%
S.S. Pentallian, Torajii System, Korwin42
72%
A Journal of Impossible Things, Scarecrows, Pocket WatchHuman Nature
67%
Cult of Skaro, Great Depression, HoovervilleDaleks in Manhattan
66%
Harold Saxon, The Valiant, ToclafaneThe Sound of Drums
64%
Dalek-Human Hybrid, Empire State Building, Pig SlavesEvolution of the Daleks
58%
Paradox Machine, Lucy Saxon, The Master's 'Death'Last of the Time Lords
56%

Score Distribution

Percentile by Number Answered

Percent of People with Each Score

Your Score History

You have not taken this quiz